| 000 | 01167cam a2200217 4500 | ||
|---|---|---|---|
| 001 | ABS67112 | ||
| 008 | 031001n2003 000 0 eng u | ||
| 035 | _a(Sirsi) u123800 | ||
| 100 | _aAllen, K. | ||
| 245 | _aReturn of the eco-warrier | ||
| 260 | _c2003 | ||
| 490 |
_aBuilding _v268(8299) 12 September 2003, 36-39(2) |
||
| 520 | _aExamines the return of environmental protesters who are now targeting the new development of airports which will expand Britain's air capacity by nearly 300%. A white paper is being released in the next three months which will identify the best sites for this development. The protesters argue that aeroplanes are more polluting than roads and point out that this new movement will potentially attract more people than at its previous peak in the mid 1990s. It is possible that protest camps will be set up towards the end of the year after the announcement as to which sites will have further development. | ||
| 590 | _aABS | ||
| 650 | _aAIRPORT DEVELOPMENT | ||
| 650 | _aENVIRONMENTAL PROTESTERS | ||
| 650 | _aCIVIL ENGINEERING CONTRACTORS | ||
| 650 | _aM6 TOLL | ||
| 690 | _aTRANSPORT AND COMMUNICATIONS | ||
| 942 | _n0 | ||
| 999 |
_c73519 _d73519 |
||